Catalog

Record Details

Catalog Search



The scarlet letter / by Nathaniel Hawthorne.

Summary:

Hester Prynne and her lover feel the effects of sin in Puritan New England.

Record details

  • ISBN: 1587886103
  • ISBN: 9781587886102
  • ISBN: 1587886111
  • ISBN: 9781587886119
  • Physical Description: 8 audio discs (8 hr.) : digital ; 4 3/4 in.
  • Edition: Unabridged.
  • Publisher: Grand Haven, MI : Brilliance Audio, ℗2001.

Content descriptions

General Note:
Compact disc.
Creation/Production Credits Note:
Director, Michael Page ; engineer, Martha Brandt.
Participant or Performer Note:
Read by Dick Hill.
Subject: Boston (Mass.) > History > Colonial period, ca. 1600-1775 > Fiction.
Prynne, Hester (Fictitious character) > Fiction.
Puritans > Massachusetts > Fiction.
Adultery > Fiction.
Genre: Historical fiction.
Audiobooks.

Available copies

  • 1 of 1 copy available at scottsboropl.

Holds

  • 0 current holds with 1 total copy.
Show All Copies
Location Call Number / Copy Notes Barcode Shelving Location Status Due Date
scottsboropl BK/CD Haw 32269001165995 Adult - Audiobook Available -

LDR 03287cim a2200805Ia 4500
001155290
003SBPL
00520210315164915.0
008020219s2001 miunnnn f n eng d
006a 000 0
007sd uf|gzn|||n|
020 . ‡a1587886103
020 . ‡a9781587886102
020 . ‡a1587886111
020 . ‡a9781587886119
0241 . ‡a755057037959 ‡d00610
0243 . ‡a9781587886102 ‡d53795
02430. ‡a9781587886119 ‡d59625
035 . ‡a(OCoLC)49040631
035 . ‡a(OCoLC)49040631 ‡z(OCoLC)877162365 ‡z(OCoLC)982145234 ‡z(OCoLC)1037444334 ‡z(OCoLC)1154392841
050 4. ‡aPS1868 ‡b.A1 2001ab
08204. ‡a813.3 ‡223
1001 . ‡aHawthorne, Nathaniel, ‡d1804-1864.: ‡eauthor
24514. ‡aThe scarlet letter / ‡cby Nathaniel Hawthorne.
250 . ‡aUnabridged.
260 . ‡aGrand Haven, MI : ‡bBrilliance Audio, ‡c℗2001.
300 . ‡a8 audio discs (8 hr.) : ‡bdigital ; ‡c4 3/4 in.
306 . ‡a008000
336 . ‡aspoken word ‡bspw ‡2rdacontent
337 . ‡aaudio ‡bs ‡2rdamedia
338 . ‡aaudio disc ‡bsd ‡2rdacarrier
344 . ‡adigital ‡boptical ‡c1.4 m/s ‡2rda
347 . ‡aaudio file ‡bCD audio ‡2rda
4901 . ‡aThe classic collection
5110 . ‡aRead by Dick Hill.
500 . ‡aCompact disc.
520 . ‡aHester Prynne and her lover feel the effects of sin in Puritan New England.
508 . ‡aDirector, Michael Page ; engineer, Martha Brandt.
651 0. ‡aBoston (Mass.) ‡xHistory ‡yColonial period, ca. 1600-1775 ‡vFiction.
650 0. ‡aPrynne, Hester (Fictitious character) ‡vFiction.
650 0. ‡aPuritans ‡zMassachusetts ‡vFiction.
650 0. ‡aAdultery ‡vFiction.
655 7. ‡aHistorical fiction. ‡2lcgft
655 7. ‡aAudiobooks. ‡2lcgft
7001 . ‡aHill, Dick.: ‡4nrt
830 0. ‡aClassic collection (Brilliance Audio (Firm))
901 . ‡a155290 ‡b ‡c155290 ‡tbiblio

Additional Resources